| 000 | 02048nam0a2200349 4500 | ||
|---|---|---|---|
| 001 | RU\NLR\BIBL_A\022412458 | ||
| 005 | 20260406060610.0 | ||
| 010 |
_a978-5-907201-96-5 _9500 |
||
| 035 | _a(NLR Aleph) 022412458 | ||
| 090 |
_a13336061 _c13336061 |
||
| 100 | _a20241216d2024 |||y0rusy50 ca | ||
| 101 | 0 | _arus | |
| 102 | _aRU | ||
| 105 | _aac j 000yy | ||
| 181 | 0 |
_ai3 _baxxe |
|
| 182 | 0 | _an | |
| 200 | 1 |
_aБиологическая изменчивость. Феноменология и механизмы _eстудентам, аспирантам и преподавателям биологических и медицинских вузов _fСергей Георгиевич Инге-Вечтомов - д-р биол. наук, профессор, академик РАН, заслуженный деятель науки РФ, Елена Валерьевна Голубкова - канд. биол. наук, доцент, Татьяна Михайловна Рогоза - канд. биол. наук, преподаватель, Варвара Евгеньевна Творогова - канд. биол. наук |
|
| 203 |
_aТекст _bвизуальный _cнепосредственный |
||
| 210 |
_aСанкт-Петербург _cЭко-Вектор _d2024 |
||
| 215 |
_a575 с. _cил., цв. ил., портр. _d22 |
||
| 300 | _aАвт. указаны на обороте тит. с. | ||
| 320 | _aБиблиогр.: с. 408-575 | ||
| 606 | 1 |
_aИзменчивость _jУчебные издания _91263751 _3RU\NLR\AUTH\66201621 |
|
| 686 | 1 | _aЕ042я7 | |
| 701 | 1 |
_8rus _7ca _aИнге-Вечтомов _bС. Г. _f1939 - _gСергей Георгиевич _3RU\NLR\AUTH\7710792 _9120557 |
|
| 701 | 1 |
_aГолубкова _bЕ. В. _gЕлена Валерьевна |
|
| 701 | 1 |
_aРогоза _bТ. М. _gТатьяна Михайловна |
|
| 701 | 1 |
_aТворогова _bВ. Е. _gВарвара Евгеньевна |
|
| 942 | _cBOOK | ||
| 980 | _aNB | ||